000 00494nam a2200181Ia 4500
008 090123s9999 xx 000 0 und d
082 _b9983
_a891.463/नंदा
100 _aनंदा गुलशन
245 _aकामिनी
250 _a1
260 _bमनोरंजन
_c1978
300 _a162
600 _aनंदा गुलशन
630 _aकामिनी
700 _aनंदा गुलशन
730 _aकामिनी
942 _cBOOK
999 _c48049
_d48049